000 00575nam a22002177a 4500
001 62557
003 UA-OsUOA
005 20211019213718.0
007 ta
008 20090903b un ||||| |||| 00| 0 ukr d
040 _aUA-OsUOA
_brus
_cUA-OsUOA
_dUA-OsUOA
041 _arus
080 _a94(470+571)
090 _a94(470+571)
_bД63
245 _aДокументальные памятники: выявление, учет, использование
260 _aМ.
_c1988
300 _a255 с.
650 7 _a94 Історія
_2UDC
942 _cBK
_2udc
955 _a2
999 _c348646
_d348646